LEADER 01916nam0 2200409 i 450 001 RAV0193263 005 20251003044326.0 010 $a8815037152 020 $aIT$b93-1227 100 $a20130827d1992 ||||0itac50 ba 101 | $aita 102 $ait 181 1$6z01$ai $bxxxe 182 1$6z01$an 200 1 $aCambiare rotta$eˆuna ‰prospettiva globale del mondo economico industrialesullo sviluppo e l'ambiente$fStephan Schmidheiny$gcon il Business council for sustainable development 210 $aBologna$cIl mulino$d[1992! 215 $a410 p.$d23cm. 606 $aSviluppo economico$2FIR$3CFIC013228$9E 676 $a330.9$9SITUAZIONI E CONDIZIONI ECONOMICHE$v12 676 $a333.7$9ECONOMIA DELLE RISORSE NATURALI$v19 676 $a333.7$9ECONOMIA DELLE RISORSE NATURALI ED ENERGIA$v20 676 $a333.7$9ECONOMIA DELLE RISORSE NATURALI ED ENERGIA$v21 676 $a333.7$9ECONOMIA DELLE RISORSE NATURALI ED ENERGIA$v23 676 $a338.9$9SVILUPPO ECONOMICO$v21 696 $aCrescita economica 699 $aSviluppo economico$yCrescita economica 700 1$aSchmidheiny$b, Stephan$3RAVV075850$4070$0119584 712 02$aBusiness council for sustainable development$3CFIV119183 801 3$aIT$bIT-000000$c20130827 850 $aIT-BN0095 $aIT-NA0457 901 $bNAP BI$cSALA 3 $nLibri da 1597 a 3785 901 $bNAP 01$cPOZZO LIB.$nVi sono collocati fondi di economia, periodici di ingegneria e scienze, periodici di economia e statistica e altri fondi comprendenti documenti di economia pervenuti in dono. 912 $aRAV0193263 950 0$aBiblioteca Centralizzata di Ateneo$c1 v.$d 01POZZO LIB.ECON MON 6247$e 0101 0070038905E VMA 1 v. (Precedente collocazione 3 EC 890)$fB $h20220711$i20220711 977 $a 01$a BI 996 $aCambiare rotta$9443547 997 $aUNISANNIO